<?xml version="1.0" encoding="UTF-8"?><?xml-stylesheet type="text/xsl" href="static/style.xsl"?><OAI-PMH xmlns="http://www.openarchives.org/OAI/2.0/" xmlns:xsi="http://www.w3.org/2001/XMLSchema-instance" xsi:schemaLocation="http://www.openarchives.org/OAI/2.0/ http://www.openarchives.org/OAI/2.0/OAI-PMH.xsd"><responseDate>2026-04-14T02:54:31Z</responseDate><request verb="GetRecord" identifier="oai:www.recercat.cat:2445/194157" metadataPrefix="marc">https://recercat.cat/oai/request</request><GetRecord><record><header><identifier>oai:recercat.cat:2445/194157</identifier><datestamp>2025-11-20T14:07:49Z</datestamp><setSpec>com_2072_1057</setSpec><setSpec>col_2072_478819</setSpec><setSpec>col_2072_478917</setSpec></header><metadata><record xmlns="http://www.loc.gov/MARC21/slim" xmlns:dcterms="http://purl.org/dc/terms/" xmlns:xsi="http://www.w3.org/2001/XMLSchema-instance" xmlns:doc="http://www.lyncode.com/xoai" xsi:schemaLocation="http://www.loc.gov/MARC21/slim http://www.loc.gov/standards/marcxml/schema/MARC21slim.xsd">
   <leader>00925njm 22002777a 4500</leader>
   <datafield ind2=" " ind1=" " tag="042">
      <subfield code="a">dc</subfield>
   </datafield>
   <datafield ind2=" " ind1=" " tag="720">
      <subfield code="a">Sanz Aznar, Javier</subfield>
      <subfield code="e">author</subfield>
   </datafield>
   <datafield ind2=" " ind1=" " tag="720">
      <subfield code="a">Caballero Molina, Juan José</subfield>
      <subfield code="e">author</subfield>
   </datafield>
   <datafield ind2=" " ind1=" " tag="260">
      <subfield code="c">2023-02-24T18:30:26Z</subfield>
   </datafield>
   <datafield ind2=" " ind1=" " tag="260">
      <subfield code="c">2023-02-24T18:30:26Z</subfield>
   </datafield>
   <datafield ind2=" " ind1=" " tag="260">
      <subfield code="c">2021-12-21</subfield>
   </datafield>
   <datafield ind2=" " ind1=" " tag="260">
      <subfield code="c">2023-02-24T18:30:26Z</subfield>
   </datafield>
   <datafield ind2=" " ind1=" " tag="520">
      <subfield code="a">[spa] El uso que el medio cinematográfico realiza de aquellas imágenes que aparecen en pantalla durante un fugaz intervalo de tiempo, con el objetivo de afectar cognitivamente al espectador, sin que este llegue a ser consciente de ello, ha sido un tema que se ha tratado en los planos teórico, crítico e historiográfico con excesiva ligereza y falta de rigor. No obstante, desde los dominios de la psicología experimental y de la neurociencia se ha generado toda una amplia literatura científica interesada en abordar cómo estos estímulos pueden llegar a incidir sobre los procesos neuronales desencadenados por estímulos posteriores. Haciéndonos eco de esta, aquí apostamos por la adopción de una perspectiva interdisciplinar, donde las contribuciones realizadas en el curso de estos últimos años por estas tradiciones científicas, vengan a converger con aquellas otras emanadas de la teoría cinematográfica con el objeto de abordar las manifestaciones diversas de la imagen subliminal cinematográfica.</subfield>
   </datafield>
   <datafield ind2=" " ind1=" " tag="520">
      <subfield code="a">[eng] The use that the cinematographic medium makes of those images that appear on the screen during a fleeting time, with the aim of cognitively affecting the viewer, without their becoming aware of it, has been a subject that has been dealt with in a theoretical, critical and historiographical with excessive lightness and lack of rigor. However, from the disciplines of experimental psychology and neuroscience, a large academic literature has been generated, focused in addressing how these stimuli can affect the neural processes triggered by subsequent stimuli, developing methodological proposals easily applicable to film studies. Based on this scientific production, we are focused on the adoption of an interdisciplinary perspective, where the contributions made in recent years by these traditions, converge with those emanating from film theory to address the manifestations of the cinematic subliminal image through consolidated and proven methodological processes.</subfield>
   </datafield>
   <datafield tag="653" ind2=" " ind1=" ">
      <subfield code="a">Muntatge (Cinematografia)</subfield>
   </datafield>
   <datafield tag="653" ind2=" " ind1=" ">
      <subfield code="a">Percepció subliminal</subfield>
   </datafield>
   <datafield tag="653" ind2=" " ind1=" ">
      <subfield code="a">Públic</subfield>
   </datafield>
   <datafield tag="653" ind2=" " ind1=" ">
      <subfield code="a">Psicologia</subfield>
   </datafield>
   <datafield tag="653" ind2=" " ind1=" ">
      <subfield code="a">Neurociència cognitiva</subfield>
   </datafield>
   <datafield tag="653" ind2=" " ind1=" ">
      <subfield code="a">Film editing (Cinematography)</subfield>
   </datafield>
   <datafield tag="653" ind2=" " ind1=" ">
      <subfield code="a">Subliminal perception</subfield>
   </datafield>
   <datafield tag="653" ind2=" " ind1=" ">
      <subfield code="a">Audiences</subfield>
   </datafield>
   <datafield tag="653" ind2=" " ind1=" ">
      <subfield code="a">Psychology</subfield>
   </datafield>
   <datafield tag="653" ind2=" " ind1=" ">
      <subfield code="a">Cognitive neuroscience</subfield>
   </datafield>
   <datafield ind2="0" ind1="0" tag="245">
      <subfield code="a">Genealogía y ontología del fotograma subliminal desde una perspectiva cognitiva</subfield>
   </datafield>
</record></metadata></record></GetRecord></OAI-PMH>